Hadoop for dummies

Αποθηκεύτηκε σε:
Λεπτομέρειες βιβλιογραφικής εγγραφής
Άλλοι συγγραφείς: DeRoos, Dirk
Μορφή: Βιβλίο
Γλώσσα:English
Δημοσίευση: Hoboken, NJ : John Wiley & Sons, c2014.
Θέματα:
Ετικέτες: Προσθήκη ετικέτας
Δεν υπάρχουν, Καταχωρήστε ετικέτα πρώτοι!

MARC

LEADER 00000nam a2200000 a 4500
001 1/112313
008 161115s2014####nju| ||| |||| ||eng||
020 |a 9781118607558   |q (χαρτόδετο)  
040 |a GR-MyUa  |b gre  |c GR-MyUa  |e AACR2 
041 0 |a eng 
082 7 |a 005.74   |2 (23)  
245 0 0 |a Hadoop for dummies /   |c Dirk deRoos... [ κ. ά.].  
260 |a Hoboken, NJ :   |b John Wiley & Sons,   |c c2014.  
300 |a xii, 394 σ. ;   |c 24 εκ.  
504 |a Περιλαμβάνει ευρετήριο.  
630 0 0 |a Apache Hadoop. 
650 0 |a File organization (Computer science) 
700 1 |a DeRoos, Dirk. 
852 |a INST  |b SYROS  |e 20161115  |h 005.74 HAD  |p 005500012796  |q 005500012796  |t BK  |y 4  |x 20180330 
922 |a 5ΕΛΗ  |b 2016-07  |c Βιβλιοθήκη Σύρου  |d Bookpath - Δρες Δημήτριος 
970 |a Κοντού  |b Παρασκευή  |z 15/11/2016